000 00707nam a2200265Ia 4500
003 OSt
005 20221006151353.0
006 a|||||r|||| 00| 0
007 ta
008 221006b |||||||| |||| 00| 0 eng d
020 _c
_9.00
024 _a21,865
037 _cTextual
040 _aEASL
_cEASL
_beng
041 _2eng
_aeng
082 _aV41,8:(P41:4k).D9, K7;
100 _aDUBS H H
_9653234
245 0 _aOfficial titles of the former Han Dynasty
260 _aCanberra
_bAustralian National University Press
_c1967
300 _a67p.
_ccm.
490 _v RR
650 _aCEL
942 _hV41,8:(P41:4k).D9, K7;
_cTEXL
_2CC
999 _c1089951
_d1089951